00365nam a2200121Ia 4500008004100000082001900041100001600060245003300076650001600109942000700125999001500132952009600147230312s9999||||xx |||||||||||||| ||und|| a621.382bABD-F aAbdus Salam 0aFundamentals of Power System aEngineering cBK c9578d9578 00102ddc4070aSIRCbSIRCd2023-03-13l0o621.382 ABD-Fp9690r2023-03-13w2023-03-13yBK